Architectural plans for adding on or remodeling
| Main Author: | |
|---|---|
| Format: | Book |
| Published: |
Blue Ridge Summit,PA :
TAB Bookss ,
1992
|
| Subjects: |
MARC
| LEADER | 00000cam a2200000 7i4500 | ||
|---|---|---|---|
| 001 | 0000002076 | ||
| 002 | 000002269 | ||
| 005 | 20090828.0 | ||
| 020 | |a 0830639292 | ||
| 090 | 0 | 0 | |a 643.7 |b AXE |
| 100 | 1 | |a Axelrod, Jerold L | |
| 245 | 1 | 0 | |a Architectural plans for adding on or remodeling |c Jerold L.Axelord |
| 260 | |a Blue Ridge Summit,PA : |b TAB Bookss , |c 1992 | ||
| 300 | |a 324p. ; |c 24cm. | ||
| 650 | 0 | 0 | |a Architecture, Domestic |z United States |x Design and plans |
| 650 | 0 | 0 | |a Buildings |x Additions |z United States |
| 999 | |a 028160 |b BUKU |c PINJAMAN |e PERPUSTAKAAN KOMUNITI PETALING JAYA | ||